000 00712nam a2200241 a 4500
005 20210219153041.0
008 991125n 000 0 u
035 _aUPN01000074792
100 _aGanguli, Aparna B.
222 0 _aEDUCATIONAL STUDIES IN MATHEMATICS
245 0 _aThe effect on students' attitudes of the computer as a teaching aid
300 _a611-618
362 _a23, No. 6, 1992
505 _aNoviembre 1993
653 0 _aACTITUDES DEL ESTUDIANTE
653 0 _aCAMBIO DE ACTITUD
653 0 _aDISELO ASISTIDO POR ORDENADOR
653 0 _aENSE\197ANZA MATEMATICA
653 0 _aMETODOS DE ENSE\197ANZA
653 0 _aMICROCOMPUTADORAS
904 _aAC
_b012603
905 _aArticulo
999 _c67128
_d67128